[Event "RLP Seniors op 17th"]
[Site "Neustadt an der Weinstrasse"]
[Date "2019.07.24"]
[Round "5"]
[White "Welsch, Dieter"]
[Black "Klaus, Rainer"]
[Result "1/2-1/2"]
[WhiteElo "1807"]
[BlackElo "1924"]
[PlyCount "48"]
[EventDate "2019.07.20"]
[EventType "swiss"]
[EventRounds "9"]
[EventCountry "GER"]
[SourceTitle "CBM 192 Extra"]
[Source "Chessbase"]
[SourceDate "2019.11.06"]
[SourceVersion "1"]
[SourceVersionDate "2019.11.06"]
[SourceQuality "1"]

1. d4 e6 2. Nf3 d5 3. e3 Bd6 4. b3 Nf6 5. Bb2 Nbd7 6. Bd3 0-0 7. Nbd2 Re8 8. 0-0 e5 9. dxe5 Nxe5 10. Nxe5 Bxe5 11. Bxe5 Rxe5 12. Nf3 Bg4 13. Be2 Bxf3 14. Bxf3 c6 15. Qd3 Qe7 16. Rfd1 Re8 17. g3 g6 18. c4 dxc4 19. Qxc4 a6 20. Rd4 h5 21. Rad1 Qc5 22. Qd3 Qe7 23. Qc4 Qc5 24. Qd3 Qe7 1/2-1/2

[Event "RLP Seniors op 17th"]
[Site "Neustadt an der Weinstrasse"]
[Date "2019.07.21"]
[Round "2"]
[White "Klaus, Rainer"]
[Black "Glaeser, Wilfried"]
[Result "1/2-1/2"]
[WhiteElo "1924"]
[BlackElo "2107"]
[PlyCount "45"]
[EventDate "2019.07.20"]
[EventType "swiss"]
[EventRounds "9"]
[EventCountry "GER"]
[SourceTitle "CBM 192 Extra"]
[Source "Chessbase"]
[SourceDate "2019.11.06"]
[SourceVersion "1"]
[SourceVersionDate "2019.11.06"]
[SourceQuality "1"]

1. d4 d5 2. Nc3 c6 3. e4 dxe4 4. Nxe4 Bf5 5. Ng3 Bg6 6. Nf3 Nd7 7. Bd3 e6 8. 0-0 Ngf6 9. Re1 Qc7 10. Bg5 Bd6 11. c4 Bxd3 12. Qxd3 0-0 13. Ne4 Nxe4 14. Qxe4 Rfe8 15. Qh4 Nf8 16. Rad1 Ng6 17. Qh5 f6 18. Bd2 e5 19. c5 Bf8 20. dxe5 Nxe5 21. Nxe5 Rxe5 22. Rxe5 Qxe5 23. Qxe5 1/2-1/2

[Event "Rheinland Pfalz op Seniors 16th"]
[Site "Neustadt an der Weinstrasse"]
[Date "2018.07.13"]
[Round "7"]
[White "Klaus, Rainer"]
[Black "Kalepky, Helmut"]
[Result "1-0"]
[WhiteElo "1898"]
[BlackElo "1980"]
[PlyCount "49"]
[EventDate "2018.07.07"]
[EventType "swiss"]
[EventRounds "9"]
[EventCountry "GER"]
[SourceTitle "EXT 2019"]
[Source "ChessBase"]
[SourceDate "2018.10.10"]
[SourceVersion "1"]
[SourceVersionDate "2018.10.10"]
[SourceQuality "1"]

1. d4 Nf6 2. Nc3 c5 3. d5 a6 4. a4 d6 5. e4 g6 6. f4 Bg7 7. Nf3 Bg4 8. Be2 Nfd7 9. 0-0 0-0 10. h3 Bxf3 11. Bxf3 Qc7 12. Kh1 Rd8 13. Qe1 e6 14. Bd2 Nf8 15. Qg3 Nbd7 16. Bg4 Bxc3 17. Bxc3 e5 18. f5 Kg7 19. Qh4 f6 20. Bd2 Kh8 21. Qh6 Rdb8 22. fxg6 Nxg6 23. Bxd7 Qxd7 24. Rxf6 Rf8 25. Rxg6 1-0

[Event "Rheinland Pfalz op Seniors 16th"]
[Site "Neustadt an der Weinstrasse"]
[Date "2018.07.09"]
[Round "3"]
[White "Klaus, Rainer"]
[Black "Wawrinsky, Ludwig"]
[Result "1-0"]
[WhiteElo "1898"]
[BlackElo "1710"]
[PlyCount "95"]
[EventDate "2018.07.07"]
[EventType "swiss"]
[EventRounds "9"]
[EventCountry "GER"]
[SourceTitle "EXT 2019"]
[Source "ChessBase"]
[SourceDate "2018.10.10"]
[SourceVersion "1"]
[SourceVersionDate "2018.10.10"]
[SourceQuality "1"]

1. d4 Nf6 2. Nc3 e6 3. e4 Bb4 4. Bd3 Bxc3+ 5. bxc3 d6 6. Nf3 h6 7. 0-0 b6 8. Re1 Nbd7 9. c4 e5 10. c3 a5 11. h3 0-0 12. Be3 Re8 13. Qc2 Bb7 14. Nd2 Qe7 15. f3 Kh8 16. Nf1 Nf8 17. Ng3 Bc8 18. Qd2 Ng8 19. Rf1 Qh4 20. Bf2 Qf4 21. Qe1 g6 22. Be3 Qf6 23. f4 Qg7 24. fxe5 dxe5 25. dxe5 Ne6 26. Qf2 Rf8 27. c5 Qxe5 28. Bd4 Nxd4 29. cxd4 Qe8 30. cxb6 cxb6 31. Rab1 Rb8 32. d5 Qe5 33. Qb2 Qxb2 34. Rxb2 Bd7 35. Bb5 Bxb5 36. Rxb5 Rb7 37. e5 Re8 38. d6 Kg7 39. Ne4 f6 40. Nxf6 Nxf6 41. Rxf6 Rd8 42. Rf3 g5 43. Kf2 Rf8 44. Rxf8 Kxf8 45. e6 Ke8 46. Ke3 Kf8 47. Ke4 h5 48. Kd5 1-0

[Event "Rheinland Pfalz op Seniors 15th"]
[Site "Neustadt an der Weinstrasse"]
[Date "2017.07.23"]
[Round "9"]
[White "Klaus, Rainer"]
[Black "Lachat, Martin"]
[Result "1-0"]
[WhiteElo "1895"]
[BlackElo "1631"]
[PlyCount "43"]
[EventDate "2017.07.15"]
[EventType "swiss"]
[EventRounds "9"]
[EventCountry "GER"]
[SourceTitle "EXT 2018"]
[Source "ChessBase"]
[SourceDate "2017.10.13"]
[SourceVersion "1"]
[SourceVersionDate "2017.10.13"]
[SourceQuality "1"]

1. d4 f5 2. Nc3 g6 3. e4 d6 4. Bd3 fxe4 5. Nxe4 Bg7 6. Nf3 Nf6 7. h3 0-0 8. 0-0 c6 9. Re1 Qc7 10. Bg5 Nbd7 11. Qd2 Nxe4 12. Bxe4 e5 13. dxe5 Nxe5 14. Nxe5 Bxe5 15. Bh6 Bg7 16. Bxg7 Qxg7 17. Qxd6 Qxb2 18. Bd3 Qf6 19. Bc4+ Kh8 20. Qxf6+ Rxf6 21. Re8+ Kg7 22. Rae1 1-0

[Event "Rheinland Pfalz op Seniors 15th"]
[Site "Neustadt an der Weinstrasse"]
[Date "2017.07.22"]
[Round "8"]
[White "Ziegler, Ulrich"]
[Black "Klaus, Rainer"]
[Result "0-1"]
[WhiteElo "1751"]
[BlackElo "1895"]
[PlyCount "104"]
[EventDate "2017.07.15"]
[EventType "swiss"]
[EventRounds "9"]
[EventCountry "GER"]
[SourceTitle "EXT 2018"]
[Source "ChessBase"]
[SourceDate "2017.10.13"]
[SourceVersion "1"]
[SourceVersionDate "2017.10.13"]
[SourceQuality "1"]

1. c4 e6 2. Nc3 d5 3. cxd5 exd5 4. d4 Nf6 5. g3 c6 6. Bg2 Bd6 7. Nf3 h6 8. 0-0 0-0 9. Bd2 Bg4 10. Ne5 Bf5 11. Rc1 Nbd7 12. Nxd7 Qxd7 13. a3 Rfe8 14. b4 Re7 15. f4 Rae8 16. Re1 Ng4 17. Bh3 Ne3 18. Bxf5 Qxf5 19. Bxe3 Rxe3 20. Na4 Qh3 21. Rc3 Bxf4 22. gxf4 Rxc3 23. Nxc3 Qxc3 24. Rf1 Qe3+ 25. Rf2 Re4 26. Kg2 Qxd4 27. Qc1 Qe3 28. Qc5 Qxc5 29. bxc5 Rc4 30. e3 f5 31. Rb2 Rxc5 32. Rxb7 Ra5 33. Rb3 c5 34. Rc3 c4 35. h4 Rb5 36. Kf3 Rb3 37. Rc1 Rxa3 38. Ke2 a5 39. Rd1 Rd3 40. Ra1 d4 41. Rxa5 Rxe3+ 42. Kf2 Rh3 43. Rxf5 Rxh4 44. Kf3 Rh1 45. Rc5 d3 46. Ke3 Rc1 47. Ra5 Rc2 48. Ra1 h5 49. f5 Kf7 50. Kd4 Kf6 51. Ke4 d2 52. Ke3 c3 0-1

[Event "Rheinland Pfalz op Seniors 15th"]
[Site "Neustadt an der Weinstrasse"]
[Date "2017.07.20"]
[Round "6"]
[White "Welsch, Dieter"]
[Black "Klaus, Rainer"]
[Result "1-0"]
[WhiteElo "1833"]
[BlackElo "1895"]
[PlyCount "173"]
[EventDate "2017.07.15"]
[EventType "swiss"]
[EventRounds "9"]
[EventCountry "GER"]
[SourceTitle "EXT 2018"]
[Source "ChessBase"]
[SourceDate "2017.10.13"]
[SourceVersion "1"]
[SourceVersionDate "2017.10.13"]
[SourceQuality "1"]

1. e4 e6 2. d4 d5 3. exd5 exd5 4. Bd3 Nf6 5. Bf4 Bd6 6. Ne2 0-0 7. 0-0 Re8 8. Bxd6 Qxd6 9. Ng3 Qf4 10. Nc3 c6 11. Nce2 Qd6 12. c3 Be6 13. Qc2 Nbd7 14. Nf5 Bxf5 15. Bxf5 Re7 16. Ng3 Rae8 17. f3 g6 18. Bd3 Qf4 19. Rad1 h5 20. Qd2 Qe3+ 21. Qxe3 Rxe3 22. Kf2 h4 23. Ne2 a6 24. Ng1 R3e7 25. Nh3 Kg7 26. Rfe1 Rxe1 27. Rxe1 Rxe1 28. Kxe1 Ne8 29. g3 hxg3 30. hxg3 Nd6 31. b3 b5 32. b4 Nb6 33. Nf2 f5 34. Ke2 Kf6 35. Bc2 Ndc4 36. Nd3 Nd7 37. a4 Ncb6 38. a5 Nc4 39. Bb3 Nd6 40. Nf2 g5 41. Bc2 Ne8 42. Nd3 Ng7 43. f4 Ne6 44. Kf3 g4+ 45. Ke3 Ng7 46. Kf2 Ne8 47. Ke3 Nd6 48. Nf2 Ne4 49. Bxe4 dxe4 50. Nd1 Ke6 51. Nb2 Nf6 52. c4 bxc4 53. Nxc4 Nd5+ 54. Ke2 Nxb4 55. Ne3 Nd5 56. Nc4 Nf6 57. Ne3 Ne8 58. Kd2 Nd6 59. Kc3 Ne8 60. Kc4 Nc7 61. Kc5 Nd5 62. Nc2 Kd7 63. Ne1 Kc7 64. Nc2 e3 65. Kc4 Kd6 66. Kd3 e2 67. Kxe2 c5 68. dxc5+ Kxc5 69. Kd3 Nb4+ 70. Nxb4 Kxb4 71. Kd4 Kxa5 72. Ke5 Kb5 73. Kxf5 a5 74. Kg6 a4 75. f5 a3 76. f6 a2 77. f7 a1Q 78. f8Q Qc3 79. Qf5+ Kb6 80. Qxg4 Kc7 81. Qf4+ Kd7 82. g4 Qh8 83. Qf7+ Kc8 84. g5 Qd4 85. Qf8+ Kd7 86. Qg7+ Qxg7+ 87. Kxg7 1-0

[Event "Rheinland Pfalz op Seniors 15th"]
[Site "Neustadt an der Weinstrasse"]
[Date "2017.07.19"]
[Round "5"]
[White "Klaus, Rainer"]
[Black "Bellingrath, Jens"]
[Result "0-1"]
[WhiteElo "1895"]
[BlackElo "2054"]
[PlyCount "78"]
[EventDate "2017.07.15"]
[EventType "swiss"]
[EventRounds "9"]
[EventCountry "GER"]
[SourceTitle "EXT 2018"]
[Source "ChessBase"]
[SourceDate "2017.10.13"]
[SourceVersion "1"]
[SourceVersionDate "2017.10.13"]
[SourceQuality "1"]

1. d4 g6 2. e4 Bg7 3. f4 c6 4. Nf3 d5 5. e5 Bg4 6. Bd3 e6 7. 0-0 h5 8. h3 Bxf3 9. Qxf3 h4 10. Be3 Nh6 11. Nd2 Nd7 12. c4 Nf5 13. Bf2 Bf8 14. a3 dxc4 15. Nxc4 Nb6 16. Nxb6 axb6 17. Qe4 Be7 18. Rad1 Qd5 19. Qxd5 exd5 20. Rfe1 Kd7 21. Rc1 Ke6 22. Rc2 Ra4 23. Bxf5+ Kxf5 24. Be3 b5 25. Kf2 Rha8 26. Kf3 b4 27. axb4 Rxb4 28. Bf2 Ra2 29. Ree2 c5 30. Red2 c4 31. Be3 Rb3 32. Re2 b5 33. Kf2 b4 34. Bc1 Rd3 35. Red2 Rxd2+ 36. Rxd2 b3 37. Ke3 Bb4 38. Rf2 c3 39. bxc3 Rxf2 0-1

[Event "Rheinland Pfalz op Seniors 15th"]
[Site "Neustadt an der Weinstrasse"]
[Date "2017.07.17"]
[Round "3"]
[White "Klaus, Rainer"]
[Black "Diehl, Klaus"]
[Result "0-1"]
[WhiteElo "1895"]
[BlackElo "2060"]
[PlyCount "52"]
[EventDate "2017.07.15"]
[EventType "swiss"]
[EventRounds "9"]
[EventCountry "GER"]
[SourceTitle "EXT 2018"]
[Source "ChessBase"]
[SourceDate "2017.10.13"]
[SourceVersion "1"]
[SourceVersionDate "2017.10.13"]
[SourceQuality "1"]

1. d4 d5 2. Nc3 Nf6 3. Nf3 e6 4. Bg5 Bb4 5. a3 Bxc3+ 6. bxc3 0-0 7. e3 b6 8. Bd3 c5 9. Ne5 Nbd7 10. 0-0 a5 11. f4 Qc7 12. Rf3 Ne4 13. Nxd7 Bxd7 14. Rh3 e5 15. Rh4 f6 16. Bh6 gxh6 17. Qh5 Rf7 18. Rf1 Raf8 19. f5 Rg7 20. Qxh6 Bc6 21. Rf3 exd4 22. cxd4 Qe7 23. Bxe4 dxe4 24. Rff4 cxd4 25. Rfg4 Rxg4 26. Rxg4+ Kh8 0-1

[Event "Rheinland Pfalz op Seniors 15th"]
[Site "Neustadt an der Weinstrasse"]
[Date "2017.07.15"]
[Round "1"]
[White "Klaus, Rainer"]
[Black "Luebbers, Doris"]
[Result "1-0"]
[WhiteElo "1895"]
[BlackElo "1555"]
[PlyCount "59"]
[EventDate "2017.07.15"]
[EventType "swiss"]
[EventRounds "9"]
[EventCountry "GER"]
[SourceTitle "EXT 2018"]
[Source "ChessBase"]
[SourceDate "2017.10.13"]
[SourceVersion "1"]
[SourceVersionDate "2017.10.13"]
[SourceQuality "1"]

1. d4 d5 2. Nc3 Nf6 3. e4 dxe4 4. f3 exf3 5. Nxf3 e6 6. Bd3 g6 7. Bg5 Bg7 8. 0-0 0-0 9. Qe1 c6 10. Qh4 Nbd7 11. Ne4 a5 12. Kh1 a4 13. Ne5 Ra5 14. Nxd7 Qxd7 15. Bxf6 Rh5 16. Qg4 Rf5 17. Bxg7 Kxg7 18. Nc5 Rxf1+ 19. Rxf1 Qd5 20. a3 b5 21. Qe4 f5 22. Qxd5 exd5 23. Re1 Kf7 24. Kg1 Rd8 25. Kf2 Rd6 26. g3 h6 27. b3 axb3 28. cxb3 Rd8 29. a4 bxa4 30. bxa4 1-0

[Event "Rheinland Pfalz op Seniors 14th"]
[Site "Neustadt an der Weinstrasse"]
[Date "2016.07.24"]
[Round "9"]
[White "Klaus, Rainer"]
[Black "Schowalter, Gerd"]
[Result "1-0"]
[WhiteElo "1864"]
[BlackElo "1948"]
[PlyCount "95"]
[EventDate "2016.07.16"]
[EventType "swiss"]
[EventRounds "9"]
[EventCountry "GER"]
[SourceTitle "EXT 2019"]
[Source "ChessBase"]
[SourceDate "2018.10.10"]
[SourceVersion "1"]
[SourceVersionDate "2018.10.10"]
[SourceQuality "1"]

1. d4 e6 2. e4 d5 3. Nc3 dxe4 4. f3 Bb4 5. Be3 Nf6 6. a3 Bxc3+ 7. bxc3 Nd5 8. Qd2 Nxe3 9. Qxe3 exf3 10. Nxf3 Qe7 11. Bd3 Nd7 12. 0-0 Nf6 13. Ne5 Bd7 14. Qg3 Qf8 15. Rab1 Rb8 16. Kh1 h5 17. Qf3 Ke7 18. c4 c6 19. Be4 Qc8 20. d5 cxd5 21. cxd5 Rd8 22. Qg3 Kf8 23. Qg5 Be8 24. Rbe1 b5 25. Re3 exd5 26. Rg3 Ng4 27. Ng6+ Kg8 28. Ne7+ Kf8 29. Nxc8 dxe4 30. h3 Nf2+ 31. Rxf2 Rd1+ 32. Kh2 Rxc8 33. Qxg7+ Ke7 34. Qe5+ Kd8 35. Qxe4 Rc4 36. Rd3+ Rxd3 37. Qxd3+ Kc8 38. Rd2 Bc6 39. Qf5+ Kb7 40. Qxf7+ Kb6 41. Qxh5 a5 42. Qe5 b4 43. axb4 axb4 44. Rd4 Rxc2 45. Rxb4+ Ka7 46. Rg4 Ra2 47. Rg6 Rc2 48. Qa1+ 1-0

[Event "Rheinland Pfalz op Seniors 14th"]
[Site "Neustadt an der Weinstrasse"]
[Date "2016.07.22"]
[Round "7"]
[White "Klaus, Rainer"]
[Black "Reinke, Kurt"]
[Result "1-0"]
[WhiteElo "1864"]
[BlackElo "1808"]
[PlyCount "81"]
[EventDate "2016.07.16"]
[EventType "swiss"]
[EventRounds "9"]
[EventCountry "GER"]
[SourceTitle "EXT 2019"]
[Source "ChessBase"]
[SourceDate "2018.10.10"]
[SourceVersion "1"]
[SourceVersionDate "2018.10.10"]
[SourceQuality "1"]

1. d4 d6 2. e4 e5 3. dxe5 dxe5 4. Qxd8+ Kxd8 5. Bc4 f6 6. Nc3 c6 7. f4 Nd7 8. Nf3 Bd6 9. fxe5 Nxe5 10. Nxe5 Bxe5 11. Bd2 Bg4 12. 0-0 Ne7 13. h3 Bh5 14. Be3 b6 15. a4 Kc7 16. Be6 Rhd8 17. g4 Be8 18. a5 Ng6 19. axb6+ axb6 20. Kf2 Bxc3 21. bxc3 Ne5 22. Rfb1 c5 23. Bd5 Bc6 24. c4 g5 25. Ke2 Ng6 26. Rf1 Rxa1 27. Rxa1 Bxd5 28. cxd5 Kb7 29. Bd2 Re8 30. Ke3 Nf4 31. Kf3 Ng6 32. Bc3 Ne5+ 33. Bxe5 fxe5 34. Rf1 b5 35. Ke3 Re7 36. Rf5 h6 37. Rf6 h5 38. gxh5 Rh7 39. h6 g4 40. Rg6 Kc8 41. Rg8+ 1-0

[Event "Rheinland Pfalz op Seniors 14th"]
[Site "Neustadt an der Weinstrasse"]
[Date "2016.07.17"]
[Round "2"]
[White "Klaus, Rainer"]
[Black "Geisert, Bernd"]
[Result "1-0"]
[WhiteElo "1864"]
[BlackElo "1580"]
[PlyCount "103"]
[EventDate "2016.07.16"]
[EventType "swiss"]
[EventRounds "9"]
[EventCountry "GER"]
[SourceTitle "EXT 2019"]
[Source "ChessBase"]
[SourceDate "2018.10.10"]
[SourceVersion "1"]
[SourceVersionDate "2018.10.10"]
[SourceQuality "1"]

1. d4 d5 2. Nc3 c6 3. e4 e6 4. Bd3 Nd7 5. Nf3 dxe4 6. Nxe4 Ngf6 7. Ng3 Bd6 8. 0-0 0-0 9. c3 h6 10. Qc2 Re8 11. Bd2 Nf8 12. Rad1 Qc7 13. Ne4 Be7 14. Rfe1 b6 15. Qc1 N6h7 16. Bf4 Qd8 17. Bb1 f5 18. Ng3 Bg5 19. Ne5 Bb7 20. b4 Bxf4 21. Qxf4 g5 22. Qc1 Nf6 23. a3 b5 24. Ba2 Nd5 25. h4 gxh4 26. Ne2 Qg5 27. Nf3 Qxc1 28. Rxc1 Ng6 29. Kh2 a5 30. c4 bxc4 31. Bxc4 axb4 32. axb4 Ra3 33. b5 cxb5 34. Bxb5 Re7 35. Neg1 Ndf4 36. Bf1 h3 37. Re3 Rxe3 38. fxe3 hxg2 39. Bxg2 Nxg2 40. Kxg2 Kg7 41. Kg3 Kf6 42. Rc5 Bd5 43. Ne2 Rg7 44. Rc1 Bxf3 45. Kxf3 Nh4+ 46. Kf2 Rg2+ 47. Kf1 Rh2 48. Rc6 Nf3 49. Nf4 Ng5 50. d5 Rh1+ 51. Ke2 Rh2+ 52. Kd3 1-0

[Event "Rheinland Pfalz op Seniors 13th"]
[Site "Neustadt an der Weinstrasse"]
[Date "2015.07.13"]
[Round "4"]
[White "Klaus, Rainer"]
[Black "Ohst, Edgar"]
[Result "1/2-1/2"]
[WhiteElo "1825"]
[BlackElo "1842"]
[PlyCount "46"]
[EventDate "2015.07.10"]
[EventType "swiss"]
[EventRounds "7"]
[EventCountry "GER"]
[SourceTitle "EXT 2019"]
[Source "ChessBase"]
[SourceDate "2018.10.10"]
[SourceVersion "1"]
[SourceVersionDate "2018.10.10"]
[SourceQuality "1"]

1. d4 e6 2. e4 d5 3. Nc3 Bb4 4. Bd3 c5 5. exd5 Ne7 6. dxe6 Bxe6 7. Nf3 cxd4 8. Nxd4 Bxc3+ 9. bxc3 Bd5 10. 0-0 0-0 11. Ba3 Re8 12. Re1 Nbc6 13. Qg4 Ng6 14. Qg3 a6 15. Nf5 Qa5 16. Bb4 Rxe1+ 17. Rxe1 Nxb4 18. cxb4 Qxb4 19. Qe3 Bxa2 20. h4 Be6 21. h5 Nf4 22. Nd4 Nxd3 23. cxd3 Bd7 1/2-1/2

[Event "Oberliga Sued W 0910"]
[Site "Germany"]
[Date "2009.11.15"]
[Round "2.7"]
[White "Klaus, Rainer"]
[Black "Schatz, Dieter"]
[Result "0-1"]
[WhiteElo "1980"]
[BlackElo "2203"]
[PlyCount "78"]
[EventDate "2009.10.18"]
[EventType "team-tourn"]
[EventRounds "9"]
[EventCountry "GER"]
[SourceTitle "EXT 2011"]
[Source "ChessBase"]
[SourceDate "2010.11.26"]
[SourceVersion "1"]
[SourceVersionDate "2010.11.26"]
[SourceQuality "1"]
[WhiteTeam "Frankenthal"]
[BlackTeam "Landau"]
[WhiteTeamCountry "GER"]
[BlackTeamCountry "GER"]

1. d4 d5 2. Nc3 e6 3. e4 Bb4 4. Bd3 c5 5. Nf3 c4 6. Be2 Nf6 7. e5 Bxc3+ 8. bxc3 Ne4 9. Ba3 Nxc3 10. Qd2 Ne4 11. Qb4 Nc6 12. Qb2 Qa5+ 13. Kf1 b5 14. Bd6 Bd7 15. a3 Nxd6 16. exd6 f6 17. c3 0-0 18. Bd1 Qb6 19. Qd2 a5 20. Bc2 Nd8 21. Qf4 Nf7 22. Qh4 h6 23. Qh5 Nxd6 24. g4 Ne4 25. Nh4 Be8 26. Ng6 Qd6 27. f3 Bxg6 28. Qxg6 f5 29. fxe4 fxe4+ 30. Ke2 Rf6 31. Qh5 Raf8 32. Raf1 Qxa3 33. Rxf6 Rxf6 34. g5 hxg5 35. Qxg5 Qxc3 36. Rc1 Qf3+ 37. Ke1 Qf2+ 38. Kd1 c3 39. Bb3 e3 0-1